| 000 | 00976nam a2200253Ia 4500 | ||
|---|---|---|---|
| 999 |
_c56046 _d56046 |
||
| 001 | 23146 | ||
| 003 | GE_BSU | ||
| 005 | 20230718102043.0 | ||
| 008 | 181216s||||||||xx |||||||||||||| ||und|| | ||
| 020 | _a552900711 | ||
| 040 | _cGE_BSU | ||
| 041 | _ageo | ||
| 080 | _a821.161.1-31 დ-77 | ||
| 100 |
_aდოსტოევსკი, თ. _916428 |
||
| 245 |
_aეშმაკნი : _bრომანი / _cთ. დოსტოევსკი ; თარგმანი რ. ქებულაძისა ; რედ. ც. ჯაფარიძე. |
||
| 264 |
_aთბილისი : _bსაბჭ. საქართველო, _c1990. |
||
| 300 |
_a736 გვ. ; _c20 სმ. |
||
| 541 | _h9 ლ. 20თ. | ||
| 653 | _aეშმაკნი | ||
| 653 | _aრომანი | ||
| 700 |
_aქებულაძე, რ. _eმთარგმნელი _916116 |
||
| 700 |
_aჯაფარიძე, ც. _eრედაქტორი _93695 |
||
| 942 |
_cBK _2udc |
||